000 00530nam a2200229Ia 4500
003 OSt
005 20221007115735.0
006 a|||||r|||| 00| 0
007 ta
008 221006b |||||||| |||| 00| 0 eng d
024 _a38,020
037 _cTextual
040 _aLCO
_cLCO
_beng
041 _2eng
_aeng
082 _aZ(Q7), Q8
100 _aAHMED Rumee
_9709823
245 0 _aSharia Compliant
260 _c2018
300 _a247
942 _hZ(Q7), Q8
_cTEXL
999 _c1207583
_d1207583